000 00869nam a2200277 a 4500
001 4772975
003 SISC
005 20160307153141.0
008 860116s1985 onca 000 1 eng
010 _a 86105462
020 _a0373041225
040 _aDLC
_cDLC
_dDLC
050 0 0 _aPR 1309.L68
_b.R66 1956
082 0 0 _aHS 823.08508
_bR66 1984
245 0 0 _aRomance treasury /
260 _aToronto :
_bRomance Treasury Association,
_cc1956.
300 _a571 p. :
_bill. ;
_c18 cm.
650 0 _aLove stories, English.
_912829
650 0 _aEnglish fiction
_y20th century.
_912830
700 1 2 _aBarrie, Susan.
_tWild sonata.
_f1985.
_912831
700 1 2 _aMutch, Karin.
_tEve's own Eden.
_f1985.
_912832
700 1 2 _aWhittal, Yvonne.
_tWhere seagulls cry.
_f1985.
_912833
906 _a7
_bcbc
_corignew
_d3
_encip
_f19
_gy-gencatlg
942 _2lcc
_cBK
999 _c9214
_d9214